Catálogo

El carnavalito / (Registro nro. 65969)

Detalles MARC
000 -LEADER
fixed length control field 00783nam a2200241 u 4500
001 - CONTROL NUMBER
control field 65969
005 - DATE AND TIME OF LATEST TRANSACTION
control field 20180714073530.0
008 - FIXED-LENGTH DATA ELEMENTS--GENERAL INFORMATION
fixed length control field 160822s2016 mx a r 000 0 spa d
020 ## - INTERNATIONAL STANDARD BOOK NUMBER
International Standard Book Number 9786070046308
041 ## - LANGUAGE CODE
Language code of text/sound track or separate title spa
082 0# - DEWEY DECIMAL CLASSIFICATION NUMBER
Classification number 394.250972
Item number CAZ
100 1# - MAIN ENTRY--PERSONAL NAME
Personal name Cázares Aguilar, Rocío
Relator term autor
245 13 - TITLE STATEMENT
Title El carnavalito /
Statement of responsibility, etc. Rocío Cázares Aguilar, diseño de Norma Atristain B.
250 ## - EDITION STATEMENT
Edition statement [Primera edición]
264 #1 - PRODUCTION, PUBLICATION, DISTRIBUTION, MANUFACTURE, AND COPYRIGHT NOTICE
Place of production, publication, distribution, manufacture México :
Name of producer, publisher, distributor, manufacturer Ediciones y Distribuciones Cielo,
Date of production, publication, distribution, manufacture, or copyright notice 2016
300 ## - PHYSICAL DESCRIPTION
Extent 27 páginas :
Other physical details ilustraciones ;
Dimensions 22 cm.
336 ## - CONTENT TYPE
Content type term texto
Source rdacontent
337 ## - MEDIA TYPE
Media type term sin mediación
Source rdamedia
338 ## - CARRIER TYPE
Carrier type term volumen
Source rdacarrier
650 #4 - SUBJECT ADDED ENTRY--TOPICAL TERM
Topical term or geographic name entry element Carnaval
General subdivision Folclore
650 #4 - SUBJECT ADDED ENTRY--TOPICAL TERM
Topical term or geographic name entry element Literatuta infantil
700 1# - ADDED ENTRY--PERSONAL NAME
Personal name Atristain B., Norma,
Relator term diseñador
Existencias
Withdrawn status Lost status Source of classification or shelving scheme Damaged status Not for loan Collection code Home library Current library Shelving location Date acquired Source of acquisition Inventory number Total Checkouts Full call number Barcode Date last seen Date last checked out Price effective from Koha item type
    Dewey Decimal Classification     Infantil Biblioteca Karol Wojtyla Biblioteca Karol Wojtyla Área de silencio 22/08/2016 Compra 151000000000000000065972   394.250972 CAZ 2016 96091 05/01/2026 09/02/2018 10/10/2016 Libro infantil